000 00836nam a2200229 a 4500
001 5388
003 BD-RjUL
005 20211208234047.0
008 131226s1956 enkb b 000 0 eng d
035 _a(BD-RjUL)5424
040 _aANL
_beng
_cANL
_dVDU
_dBD-RjUL
041 1 _aengswe
082 0 4 _a327.174
_bBII 1956
100 1 _aBiorklund, Elis,
_d1889-
_916932
245 1 0 _aInternational atomic policy during a decade :
_ban historical-political investigation into the problem of atomic weapons during the period 1945-55 /
_cby Elis Biorklund ; translated in Stockholm by Albert Read in co-operation with the author.
260 _aLondon :
_bAllen & Unwin,
_c1956.
300 _a147 P. ;
_c19 cm.
650 0 _aNuclear disarmament.
_914076
650 0 _aWorld politics
_y1945-
_97035
942 _2ddc
_cBK
999 _c5388
_d5388